[Event "Bled Olympiad"]
[Site "Bled SLO"]
[Date "2002.10.27"]
[EventDate "2002.10.26"]
[Round "2"]
[Result "1/2-1/2"]
[White "Mohamad Naser Al Sayed"]
[Black "Hassan Abdullah"]
[WhiteElo "2435"]
[BlackElo "2296"]
[PlyCount "95"]

1. e4 e6 2. d4 d5 3. Nc3 Nf6 4. e5 Nfd7 5. f4 c5 6. Nf3 Qb6
7. Be3 a6 8. a3 Nc6 9. Be2 Be7 10. O-O O-O 11. Na4 Qc7
12. dxc5 Qa5 13. c3 Nxc5 14. Nxc5 Bxc5 15. Nd4 Qb6 16. b4 Nxd4
17. Bxd4 Bxd4+ 18. Qxd4 Qxd4+ 19. cxd4 Bd7 20. Rfc1 Rfc8
21. Rc5 Kf8 22. a4 a5 23. Rxa5 Rxa5 24. bxa5 Ra8 25. Bb5 Ke7
26. Rb1 Bc8 27. a6 bxa6 28. Bc6 Ra7 29. a5 Rc7 30. Rb6 g6
31. g4 Bd7 32. Bxd7 Kxd7 33. Rd6+ Ke7 34. f5 gxf5 35. gxf5
exf5 36. Rxd5 f6 37. Kf2 fxe5 38. Rxe5+ Kf6 39. Ke3 Rc2 40. h3
Rh2 41. Kf4 Rf2+ 42. Kg3 Rd2 43. Rd5 Ke6 44. Rd8 Ke7 45. Rh8
Rxd4 46. Rxh7+ Kf6 47. Rb7 Kg5 48. Rg7+ 1/2-1/2

[Event "Bled Olympiad"]
[Site "Bled SLO"]
[Date "2002.10.27"]
[EventDate "2002.10.26"]
[Round "2"]
[Result "1/2-1/2"]
[White "Amon Simutowe"]
[Black "Giovanni Portilho Vescovi"]
[WhiteElo "2383"]
[BlackElo "2614"]
[PlyCount "63"]

1. d4 Nf6 2. c4 e6 3. Nc3 Bb4 4. e3 O-O 5. Nge2 d5 6. a3 Be7
7. cxd5 exd5 8. g3 Nbd7 9. Bg2 Nb6 10. O-O Re8 11. h3 Bd6
12. b3 c6 13. Qc2 Bd7 14. a4 a5 15. Qa2 Nc8 16. Ba3 Bc7
17. Qd2 Nd6 18. Rac1 Nde4 19. Qb2 Qc8 20. h4 Bh3 21. Nxe4 Rxe4
22. Rfe1 Qf5 23. Qc2 Rae8 24. Nc3 R4e6 25. Qd3 Qe5 26. Qf5
Bxf5 27. Nxd5 Nxd5 28. Bf3 Qe4 29. Red1 h5 30. Bxe4 Bxe4
31. Kf1 Bf3 32. Ke1 1/2-1/2

[Event "Bled Olympiad"]
[Site "Bled SLO"]
[Date "2002.10.27"]
[EventDate "2002.10.26"]
[Round "2"]
[Result "1-0"]
[White "Faruk Bistric"]
[Black "Bogdan Podlesnik"]
[WhiteElo "2484"]
[BlackElo "2385"]
[PlyCount "73"]

1. c4 c5 2. Nf3 Nf6 3. Nc3 e6 4. e4 Nc6 5. d4 cxd4 6. Nxd4 Bb4
7. Ndb5 Nxe4 8. Qg4 Nxc3 9. bxc3 Bf8 10. Qg3 e5 11. c5 Bxc5
12. Qxg7 Rf8 13. Be3 Be7 14. Rd1 Qa5 15. Rd5 Qxa2 16. Be2 d6
17. Rxd6 Bd7 18. Rd2 Qa5 19. Rd5 Qa2 20. Rd2 Qa5 21. O-O a6
22. Nd6+ Bxd6 23. Rxd6 O-O-O 24. Qxh7 Be6 25. Rxd8+ Rxd8
26. h4 Qa2 27. Bf3 Bd5 28. Qf5+ Kb8 29. Rd1 Bxf3 30. Rxd8+
Nxd8 31. Qxe5+ Kc8 32. Qf5+ Ne6 33. Qxf3 Qa1+ 34. Kh2 Qxc3
35. Qxf7 Qe5+ 36. g3 a5 37. Qe8+ 1-0

[Event "Bled Olympiad"]
[Site "Bled SLO"]
[Date "2002.10.27"]
[EventDate "2002.10.26"]
[Round "2"]
[Result "0-1"]
[White "Stefan Kristjansson"]
[Black "Ashot Anastasian"]
[WhiteElo "2431"]
[BlackElo "2555"]
[PlyCount "66"]

1. e4 c6 2. d4 d5 3. exd5 cxd5 4. c4 Nf6 5. Nc3 e6 6. Nf3 Bb4
7. cxd5 Nxd5 8. Qc2 Nc6 9. a3 Ba5 10. b4 Bb6 11. Bb2 O-O
12. Rd1 Nce7 13. Ne4 h6 14. Qd2 a5 15. Bd3 axb4 16. axb4 Nxb4
17. Bb1 Ned5 18. O-O Bc7 19. Ne5 b6 20. f4 f5 21. Ng3 Bxe5
22. dxe5 Ba6 23. Rf3 Bc4 24. Ba3 Ra4 25. Bc2 Nxc2 26. Qxc2 b5
27. Bxf8 Ra2 28. Qb1 Qxf8 29. Rc1 Qc5+ 30. Kh1 Rf2 31. Rc2
Rxf3 32. gxf3 Qe3 33. Qd1 Nxf4 0-1

[Event "Bled Olympiad"]
[Site "Bled SLO"]
[Date "2002.10.28"]
[EventDate "2002.10.26"]
[Round "3"]
[Result "1/2-1/2"]
[White "Alexey Khruschiov"]
[Black "Andrei Sokolov"]
[WhiteElo "2412"]
[BlackElo "2587"]
[PlyCount "70"]

1. e4 c5 2. Nf3 e6 3. d4 cxd4 4. Nxd4 Nf6 5. Nc3 d6 6. g4 h6
7. h4 Be7 8. Rg1 d5 9. exd5 Nxd5 10. Bb5+ Kf8 11. Nxd5 Qxd5
12. c4 Qd6 13. Be3 Nd7 14. Qd2 a6 15. Bxd7 Bxd7 16. O-O-O Rc8
17. Nxe6+ Bxe6 18. Qxd6 Rxc4+ 19. Kb1 Bxd6 20. Rxd6 Kg8
21. Rd4 Rxd4 22. Bxd4 Kh7 23. b3 Rd8 24. Be3 a5 25. Kb2 a4
26. g5 h5 27. bxa4 Ra8 28. g6+ fxg6 29. Bg5 Rxa4 30. a3 Re4
31. Rc1 Kg8 32. Rc7 Bd5 33. Rc8+ Kf7 34. Rc7+ Ke8 35. Kc3 Kf8
1/2-1/2

[Event "Bled Olympiad"]
[Site "Bled SLO"]
[Date "2002.10.28"]
[EventDate "2002.10.26"]
[Round "3"]
[Result "1-0"]
[White "Aleksej Aleksandrov"]
[Black "Leighton Williams"]
[WhiteElo "2621"]
[BlackElo "2288"]
[PlyCount "77"]

1. d4 e6 2. c4 Bb4+ 3. Nc3 f5 4. e3 Nf6 5. Bd3 O-O 6. Nge2 b6
7. O-O Bb7 8. Qc2 Bd6 9. f4 Na6 10. a3 c5 11. Bd2 Rc8 12. Rad1
Qe8 13. h3 Qg6 14. d5 Nxd5 15. Nxd5 exd5 16. g4 dxc4 17. Bxf5
Rxf5 18. Qxf5 Qxf5 19. gxf5 Be4 20. Bc3 Bd3 21. Kf2 Bf8
22. Rg1 Kf7 23. Nc1 Bxf5 24. e4 Bxe4 25.Rxd7+ Ke6 26.Rxa7 Nc7
27.Be5 Nb5 28.Ra6 Rc6 29.Re1 Kf5 30.Ne2 Bd3 31.a4 Nd4 32.Bxd4
Bxe2 33.Bc3 Bd3 34.Ra7 Kg6 35.Rg1+ Kh5 36.Rg4 Rc8 37.Rg5+ Kh4
38.Kg2 Re8 39.Re5 1-0

[Event "Bled Olympiad"]
[Site "Bled SLO"]
[Date "2002.10.28"]
[EventDate "2002.10.26"]
[Round "3"]
[Result "1/2-1/2"]
[White "Francis Rayner"]
[Black "Viktor Kupreichik"]
[WhiteElo "2219"]
[BlackElo "2485"]
[PlyCount "73"]

1. e4 c5 2. Nf3 d6 3. Bb5+ Nd7 4. d4 Ngf6 5. Nc3 a6 6. Bxd7+
Nxd7 7. O-O e6 8. dxc5 Nxc5 9. Bg5 f6 10. Be3 Be7 11. Nd4 Qd7
12. a4 e5 13. Nf5 Kf7 14. Nxe7 Qxe7 15. b4 Ne6 16. Nd5 Qf8
17. Qh5+ g6 18. Qe2 g5 19. Nb6 Rb8 20. Qc4 Kg6 21. Rfd1 Qe7
22. Qd3 Rd8 23. Nc4 Nf4 24. Bxf4 gxf4 25. Nxd6 Be6 26. Nf5
Qxb4 27. Qh3 Bxf5 28. Qxf5+ Kg7 29. Rd7+ Rxd7 30. Qxd7+ Kh8
31. Qf5 Qd6 32. g3 Rd8 33. Rb1 b6 34. Rb3 fxg3 35. hxg3 Kg7
36. Rd3 Qe7 37. Rd5 1/2-1/2

[Event "Bled Olympiad"]
[Site "Bled SLO"]
[Date "2002.10.28"]
[EventDate "2002.10.26"]
[Round "3"]
[Result "0-1"]
[White "Sven P Zeidler"]
[Black "Alexei Fedorov"]
[WhiteElo "2275"]
[BlackElo "2564"]
[PlyCount "60"]

1. e4 c5 2. Nc3 e6 3. f4 d5 4. Nf3 Nf6 5. Bb5+ Bd7 6. Bxd7+
Nbxd7 7. d3 Be7 8. O-O O-O 9. Qe2 d4 10. Nd1 b5 11. Kh1 Ne8
12. Nf2 f5 13. b4 Nc7 14. Bb2 Nb6 15. bxc5 Bxc5 16. c3 dxc3
17. Bxc3 b4 18. Be5 Bd6 19. Rac1 Rc8 20. Qb2 Qd7 21. Qb3 a5
22. exf5 a4 23. fxe6 Nxe6 24. Qb2 Rxc1 25. Rxc1 Nxf4 26. Qd2
Bxe5 27. Nxe5 Qd5 28. Nf3 Nxg2 29. Kxg2 Qxf3+ 30. Kg1 Nd5 0-1

[Event "Bled Olympiad"]
[Site "Bled SLO"]
[Date "2002.10.28"]
[EventDate "2002.10.26"]
[Round "3"]
[Result "1-0"]
[White "Vasilios Kotronias"]
[Black "Niaz Murshed"]
[WhiteElo "2561"]
[BlackElo "2443"]
[PlyCount "57"]

1. e4 d6 2. d4 Nf6 3. Nc3 g6 4. f4 Bg7 5. Nf3 O-O 6. Be3 b6
7. Qd2 Bb7 8. Bd3 c5 9. d5 Qc8 10. h3 a6 11. a4 e6 12. dxe6
Qxe6 13. O-O c4 14. Ng5 Qc8 15. Be2 Nbd7 16. Bd4 Re8 17. b3 h6
18. Nxf7 Kxf7 19. e5 Ne4 20. Bxc4+ Kf8 21. Nxe4 Bxe4 22. Rae1
Qc6 23. f5 Bd5 24. e6 Bxc4 25. f6 Bxf1 26. fxg7+ Kg8 27. Rxf1
Rxe6 28. Qxh6 Nf6 29. Bxf6 1-0

[Event "Bled Olympiad"]
[Site "Bled SLO"]
[Date "2002.10.28"]
[EventDate "2002.10.26"]
[Round "3"]
[Result "1/2-1/2"]
[White "Meng-Kong Wong"]
[Black "Adrian Mikhalchishin"]
[WhiteElo "2496"]
[BlackElo "2542"]
[PlyCount "71"]

1. d4 Nf6 2. c4 g6 3. Nc3 d5 4. Nf3 Bg7 5. Bg5 Ne4 6. cxd5
Nxg5 7. Nxg5 e6 8. Qd2 h6 9. Nf3 exd5 10. e3 O-O 11. Be2 Qd6
12. O-O c6 13. Ne1 Be6 14. Nd3 Nd7 15. b4 a5 16. bxa5 Rxa5
17. Rab1 b6 18. Nf4 Ra3 19. Bd1 b5 20. Bb3 Nb6 21. Nd3 Bf5
22. Rbc1 Nc4 23. Qd1 Bxd3 24. Qxd3 Rfa8 25. Rc2 h5 26. Nb1
R3a5 27. Rfc1 R8a6 28. h3 Bh6 29. a4 Qb4 30. axb5 cxb5 31. Qc3
Bf8 32. h4 Ra1 33. g3 Kg7 34. Kg2 Be7 35. Rg1 Bf8 36. Rgc1
1/2-1/2

[Event "Bled Olympiad"]
[Site "Bled SLO"]
[Date "2002.10.28"]
[EventDate "2002.10.26"]
[Round "3"]
[Result "1-0"]
[White "Dusko Pavasovic"]
[Black "Peng Kong Chan"]
[WhiteElo "2581"]
[BlackElo "2373"]
[PlyCount "57"]

1. e4 c5 2. c3 d5 3. exd5 Qxd5 4. d4 Nf6 5. Nf3 e6 6. Be3 cxd4
7. cxd4 Nc6 8. Nc3 Qd6 9. a3 Be7 10. Bd3 O-O 11. O-O b6
12. Qe2 Bb7 13. Rad1 Rad8 14. Bg5 Rfe8 15. Rfe1 g6 16. Bb1 Qb8
17. Ba2 Ng4 18. g3 Bxg5 19. Nxg5 Nh6 20. Nce4 Kg7 21. Qf3 f5
22. Nxe6+ Rxe6 23. Bxe6 fxe4 24. Qc3 Kf6 25. d5+ Qe5 26. dxc6
Qxc3 27. bxc3 Rxd1 28. Rxd1 Bxc6 29. Bd5 1-0

[Event "Bled Olympiad"]
[Site "Bled SLO"]
[Date "2002.10.28"]
[EventDate "2002.10.26"]
[Round "3"]
[Result "0-1"]
[White "Alexei Sidorenko"]
[Black "Florian Jenni"]
[WhiteElo "2324"]
[BlackElo "2483"]
[PlyCount "152"]

1. e4 e5 2. Nf3 Nc6 3. Nc3 Nf6 4. d4 exd4 5. Nxd4 Bb4 6. Nxc6
bxc6 7. Bd3 d5 8. exd5 cxd5 9. O-O O-O 10. Bg5 c6 11. Qf3 Bd6
12. Rfe1 Rb8 13. Rab1 h6 14. Bxf6 Qxf6 15. Qxf6 gxf6 16. Ne2
c5 17. b3 Be6 18. Rbd1 Rfd8 19. Ng3 c4 20. Bf5 cxb3 21. axb3
Bxg3 22. Bxe6 fxe6 23. hxg3 Kf7 24. Ra1 Rd7 25. Ra6 Rb6
26. Rea1 Rxa6 27. Rxa6 d4 28. Kf1 Rc7 29. Ra2 e5 30. Ke2 Kg6
31. Kd2 Kf5 32. Ra6 h5 33. Rd6 Rg7 34. Ke2 h4 35. gxh4 Rxg2
36. Rd7 a5 37. Ra7 Rg4 38. h5 Re4+ 39. Kd2 Rf4 40. Ke2 Rh4
41. Rxa5 Rxh5 42. Rc5 Ke4 43. Rc8 Rh1 44. Rb8 Ra1 45. Rh8 f5
46. Rh4+ Kd5 47. Rh5 Ra2 48. Kd2 Ke4 49. Rh3 Ra1 50. Ke2 Rc1
51. Kd2 Rb1 52. Ke2 Rb2 53. Kd2 Ra2 54. Rg3 Kf4 55. Rd3 e4
56. Rxd4 Kf3 57. Rd5 f4 58. Re5 Ra1 59. b4 Rf1 60. b5 Rxf2+
61. Kc1 Rh2 62. b6 e3 63. c4 Ke2 64. b7 Rh8 65. c5 f3 66. Rh5
f2 67. Rxh8 f1=Q+ 68. Kc2 Qd1+ 69. Kc3 Qa1+ 70. Kc4 Qxh8
71. c6 Kd2 72. Kb5 e2 73. c7 e1=Q 74. c8=Q Qb1+ 75. Kc6 Qf6+
76. Kc7 Qbb6+ 0-1

[Event "Bled Olympiad"]
[Site "Bled SLO"]
[Date "2002.10.28"]
[EventDate "2002.10.26"]
[Round "3"]
[Result "1-0"]
[White "Joseph G Gallagher"]
[Black "Milan Turpanov"]
[WhiteElo "2540"]
[BlackElo "2386"]
[PlyCount "65"]

1. e4 d5 2. exd5 Qxd5 3. Nc3 Qa5 4. d4 c6 5. Nf3 Bg4 6. h3 Bh5
7. g4 Bg6 8. Ne5 Nf6 9. h4 Nbd7 10. Nc4 Qc7 11. h5 Be4
12. Nxe4 Nxe4 13. Qf3 Nd6 14. Bf4 Nb6 15. Ne5 Nd5 16. Bg3 Qa5+
17. c3 e6 18. Be2 Be7 19. Kf1 f5 20. Nc4 Nxc4 21. Bxc4 O-O
22. gxf5 exf5 23. Re1 Qd8 24. Be5 Bg5 25. Rg1 h6 26. Qg3 Rf7
27. f4 Bh4 28. Qg6 Qd7 29. Re2 Raf8 30. Qxh6 Bf6 31. Qg6 Bxe5
32. fxe5 Nf4 33. Qxg7+ 1-0

[Event "Bled Olympiad"]
[Site "Bled SLO"]
[Date "2002.10.28"]
[EventDate "2002.10.26"]
[Round "3"]
[Result "0-1"]
[White "Rafael Emilio Espinosa Flores"]
[Black "Gadir Guseinov"]
[WhiteElo "2414"]
[BlackElo "2513"]
[PlyCount "86"]

1. e4 c5 2. Nf3 d6 3. c3 Nf6 4. h3 Bd7 5. Bd3 g6 6. O-O Bg7
7. Re1 O-O 8. Bc2 Nc6 9. d4 e5 10. dxc5 dxc5 11. Na3 Qe7
12. Nc4 Rad8 13. Qd6 Qxd6 14. Nxd6 b6 15. Nc4 Ne8 16. Rd1 Nc7
17. Bg5 f6 18. Ncxe5 Nxe5 19. Nxe5 Be6 20. Rxd8 Rxd8 21. Nc6
Rd6 22. Ne7+ Kf7 23. e5 fxe5 24. Be4 Bd7 25. b4 Bf8 26. bxc5
bxc5 27. f4 Bxe7 28. fxe5 Rb6 29. Rd1 Ba4 30. Rf1+ Ke8 31. Bf4
Bc6 32. Bxc6+ Rxc6 33. c4 Ne6 34. Be3 Ra6 35. Rf2 Ra3 36. Re2
Rc3 37. a4 Rxc4 38. a5 Re4 39. Kf2 Bg5 40. Bxg5 Rxe2+ 41. Kxe2
Nxg5 42. Kd3 Kd7 43. Kc4 Kc6 0-1

[Event "Bled Olympiad"]
[Site "Bled SLO"]
[Date "2002.10.28"]
[EventDate "2002.10.26"]
[Round "3"]
[Result "1-0"]
[White "Mikhail Gluzman"]
[Black "Serkan Yeke"]
[WhiteElo "2417"]
[BlackElo "2280"]
[PlyCount "57"]

1. e4 c5 2. Nf3 Nc6 3. d4 cxd4 4. Nxd4 Qc7 5. Nc3 e6 6. Be2
Nf6 7. O-O a6 8. Be3 Bb4 9. Na4 O-O 10. Nxc6 bxc6 11. Nb6 Rb8
12. Nxc8 Rfxc8 13. Bxa6 Rf8 14. Bd3 Bd6 15. f4 e5 16. f5 Rxb2
17. g4 Ne8 18. g5 g6 19. Bc4 Ng7 20. Rf2 Rb4 21. Qf1 gxf5
22. exf5 e4 23. g6 Bxh2+ 24. Rxh2 Qg3+ 25. Kh1 Rxc4 26. f6 Ne6
27. gxh7+ Kh8 28. Bh6 d5 29. Qe2 1-0

[Event "Bled Olympiad"]
[Site "Bled SLO"]
[Date "2002.10.28"]
[EventDate "2002.10.26"]
[Round "3"]
[Result "1-0"]
[White "Darryl K Johansen"]
[Black "Suat Soylu"]
[WhiteElo "2512"]
[BlackElo "2365"]
[PlyCount "113"]

1. c4 c5 2. Nc3 Nc6 3. g3 g6 4. Bg2 Bg7 5. Nf3 e5 6. d3 Nge7
7. Nd2 d6 8. Nf1 O-O 9. Ne3 a6 10. O-O Rb8 11. a4 Nb4 12. Bd2
Be6 13. Ncd5 Nec6 14. a5 Nxa5 15. Nxb4 cxb4 16. Bxb4 Nc6
17. Bc3 Qd7 18. b4 f5 19. Nd5 f4 20. Qa4 Bh3 21. b5 axb5
22. cxb5 Bxg2 23. Kxg2 Nd8 24. Qc4 Kh8 25. Qc7 Qxb5 26. Qxb8
f3+ 27. exf3 Qxd5 28. Rab1 Qxd3 29. Ba1 Qxf3+ 30. Kg1 Ne6
31. Qxb7 Ng5 32. h4 Ne4 33. Qd5 h5 34. Rbe1 Ng5 35. Rd1 Nh3+
36. Kh2 Qxd5 37. Rxd5 Rxf2+ 38. Rxf2 Nxf2 39. Rxd6 Ng4+
40. Kg2 Bf6 41. Rd7 Kg8 42. Bc3 Kf8 43. Bd2 Ke8 44. Rb7 Kf8
45. Kf3 Be7 46. Ke4 Bc5 47. Be1 Bd4 48. Kd5 Kg8 49. Ke6 Kf8
50. Rb3 Kg7 51. Bd2 e4 52. Rb7+ Kg8 53. Rb4 Bf2 54. Bc3 Kh7
55. Rb7+ Kh6 56. Bg7+ Kh7 57. Bf6+ 1-0

[Event "Bled Olympiad"]
[Site "Bled SLO"]
[Date "2002.10.28"]
[EventDate "2002.10.26"]
[Round "3"]
[Result "0-1"]
[White "Umut Atakisi"]
[Black "Ian Rogers"]
[WhiteElo "2340"]
[BlackElo "2557"]
[PlyCount "66"]

1. e4 Nc6 2. Nf3 d6 3. d4 Nf6 4. Nc3 Bg4 5. Be3 e6 6. d5 exd5
7. exd5 Ne5 8. Be2 Bxf3 9. Bxf3 Be7 10. Be2 O-O 11. Qd2 c5
12. dxc6 bxc6 13. O-O d5 14. Bd4 Bd6 15. f4 Ned7 16. Bf3 Nc5
17. Bxc5 Bxc5+ 18. Kh1 a5 19. Na4 Ba7 20. Qd3 Re8 21. Rae1 Qd6
22. g3 Qb4 23. Rxe8+ Rxe8 24. b3 h5 25. Qa6 Re1 26. Rxe1 Qxe1+
27. Kg2 Qf2+ 28. Kh3 Qxf3 29. Qxa7 Qf1+ 30. Kh4 Qg2 31. h3 Ne4
32. Qb8+ Kh7 33. f5 Nf2 0-1

[Event "Bled Olympiad"]
[Site "Bled SLO"]
[Date "2002.10.28"]
[EventDate "2002.10.26"]
[Round "3"]
[Result "1-0"]
[White "Mert Erdogdu"]
[Black "Aleksandar H Wohl"]
[WhiteElo "2318"]
[BlackElo "2422"]
[PlyCount "65"]

1. e4 e5 2. Nf3 Nc6 3. Bb5 d6 4. O-O Nge7 5. c3 Bd7 6. d4 Ng6
7. Re1 Be7 8. Nbd2 O-O 9. Bf1 a5 10. a4 exd4 11. Nxd4 d5
12. Nf5 Bxf5 13. exf5 Nge5 14. Nf3 Bf6 15. Bf4 Re8 16. Bb5 Re7
17. h3 Nxf3+ 18. Qxf3 Ne5 19. Qg3 Qd6 20. Re3 c6 21. Rae1 Rae8
22. Bf1 h5 23. h4 d4 24. cxd4 Qxd4 25. Bg5 Bxg5 26. Re4 Bxh4
27. Qxh4 Qc5 28. f6 Ng6 29. Rxe7 Nxh4 30. Rxe8+ Kh7 31. Bd3+
g6 32. R8e5 Qd6 33. Rxh5+ 1-0

[Event "Bled Olympiad"]
[Site "Bled SLO"]
[Date "2002.10.28"]
[EventDate "2002.10.26"]
[Round "3"]
[Result "1/2-1/2"]
[White "Ilir Karkanaqe"]
[Black "Kjetil A Lie"]
[WhiteElo "2375"]
[BlackElo "2421"]
[PlyCount "104"]

1. d4 Nf6 2. Nf3 e6 3. g3 c5 4. Bg2 Qb6 5. O-O Nc6 6. dxc5
Bxc5 7. c4 Qa6 8. b3 d5 9. cxd5 Nxd5 10. Bb2 O-O 11. Nc3 Nf6
12. Na4 Be7 13. Ne5 Nxe5 14. Bxe5 Qb5 15. Bb2 Rd8 16. Qc2 Bd7
17. Rfd1 Rac8 18. Nc3 Qh5 19. Rd3 Bc5 20. e3 Ng4 21. h3 Ne5
22. Qd1 Qxd1+ 23. Rdxd1 Bc6 24. Ne4 Bxe4 25. Bxe4 Nc6
26. Rxd8+ Rxd8 27. Rc1 Bb6 28. Bxc6 bxc6 29. Rxc6 f6 30. Bd4
Bxd4 31. exd4 a5 32. Rxe6 Rxd4 33. Ra6 Rd5 34. Kf1 Kf7 35. Ke2
Kg6 36. a4 h5 37. Ra7 Re5+ 38. Kf1 Rc5 39. Rb7 Rc3 40. h4 Kh6
41. Rb6 Kg6 42. b4 axb4 43. Rxb4 Ra3 44. Rf4 Kf7 45. g4 hxg4
46. Rxg4 Ra2 47. Kg2 Ra3 48. f3 Kg8 49. Rb4 Kh7 50. Kg3 Kh6
51. Kg4 g6 52. Kg3 Ra2 1/2-1/2

[Event "Bled Olympiad"]
[Site "Bled SLO"]
[Date "2002.10.28"]
[EventDate "2002.10.26"]
[Round "3"]
[Result "0-1"]
[White "Ilir Seitaj"]
[Black "Einar J Gausel"]
[WhiteElo "2406"]
[BlackElo "2511"]
[PlyCount "125"]

1. e4 c6 2. d4 d5 3. e5 Bf5 4. Nf3 e6 5. Be2 Nd7 6. O-O Ne7
7. b3 Bg6 8. Bb2 Nf5 9. c4 Be7 10. Nc3 O-O 11. Qd2 Bh5
12. cxd5 cxd5 13. Ne1 Bxe2 14. Nxe2 f6 15. Nd3 fxe5 16. dxe5
Qb6 17. Rac1 Nc5 18. Nc3 Ne4 19. Qe2 Nxc3 20. Bxc3 Rac8
21. Bb2 Rc6 22. g3 Rfc8 23. Kg2 Qa6 24. Rxc6 Rxc6 25. Ba1 Qb5
26. g4 Nh4+ 27. Kg3 g5 28. f4 gxf4+ 29. Rxf4 Ng6 30. Rf1 Bg5
31. Bd4 Rc8 32. h3 a5 33. Qf3 Rf8 34. Qd1 Rxf1 35. Qxf1 Nf4
36. Be3 Qxd3 37. Qxd3 Nxd3 38. Bxg5 Nxe5 39. h4 Kf7 40. h5 Nc6
41. Kf4 Nb4 42. Bd8 Nxa2 43. Bxa5 Nc1 44. b4 Nd3+ 45. Kg5 b5
46. Kh6 Ne5 47. Kg5 Nc6 48. Kf4 h6 49. g5 e5+ 50. Kf5 hxg5
51. Kxg5 d4 52. Bb6 Nxb4 53. Kf5 Nc6 54. Ke4 b4 55. Bc5 b3
56. Ba3 Nb4 57. Bb2 Kf6 58. Bc1 d3 59. Ke3 Kg5 60. Kd2 Kxh5
61. Bb2 e4 62. Kc3 e3 63. Kd4 0-1

[Event "Bled Olympiad"]
[Site "Bled SLO"]
[Date "2002.10.28"]
[EventDate "2002.10.26"]
[Round "3"]
[Result "0-1"]
[White "Alexander Baburin"]
[Black "Oscar de la Riva Aguado"]
[WhiteElo "2580"]
[BlackElo "2515"]
[PlyCount "98"]

1. d4 Nf6 2. c4 g6 3. Nf3 Bg7 4. g3 O-O 5. Bg2 d6 6. O-O Nc6
7. Nc3 a6 8. b3 Rb8 9. Bb2 b5 10. cxb5 axb5 11. Rc1 b4 12. Nb1
Na7 13. Qc2 c6 14. Nbd2 Qa5 15. h3 Bf5 16. e4 Nxe4 17. Nxe4 d5
18. Qc5 Rb5 19. Qxe7 dxe4 20. Ne5 Nc8 21. Qh4 Qxa2 22. Ba1
Qxb3 23. Rfe1 Qa3 24. Bf1 Rb7 25. Nc4 Qa7 26. Ne3 Ne7 27. Rc5
b3 28. Bb2 Be6 29. Qxe4 Rb4 30. Nc4 Rd8 31. Ra1 Qc7 32. Qe1
Rb5 33. Rxb5 cxb5 34. Na3 Nf5 35. Nxb5 Qb6 36. Ra4 h5 37. Qe4
Rd5 38. Rb4 Nd6 39. Qd3 Rxb5 40. Rxb5 Nxb5 41. Qxb5 Bxd4
42. Qxb6 Bxb6 43. h4 Kf8 44. Bd3 Ke7 45. Kf1 Kd6 46. Ke2 Kc5
47. f3 Bc4 48. g4 Bd8 49. g5 Bc7 0-1

[Event "Bled Olympiad"]
[Site "Bled SLO"]
[Date "2002.10.28"]
[EventDate "2002.10.26"]
[Round "3"]
[Result "1-0"]
[White "Carlos Pereira dos Santos"]
[Black "Miguel Munoz Sanchez"]
[WhiteElo "2420"]
[BlackElo "2305"]
[PlyCount "72"]

1. d4 Nf6 2. c4 e5 3. dxe5 Ng4 4. e4 Nxe5 5. f4 Ng6 6. Nf3 Bc5
7. f5 Nh4 8. Ng5 h6 9. Qh5 O-O 10. Qxh4 Be7 11. Nc3 Re8
12. Qg4 Bxg5 13. Bxg5 hxg5 14. O-O-O Na6 15. h4 gxh4 16. Rxh4
b6 17. Be2 Bb7 18. Bf3 Re5 19. Rxd7 Bc6 20. Rd1 f6 21. a3 Nc5
22. b4 Ba4 23. Rdh1 Bc6 24. Rh8+ Kf7 25. Rg8 a5 26. Rd1 Kxg8
27. Rxd8+ Re8 28. Rxe8+ Bxe8 29. e5 Kf8 30. bxc5 bxc5 31. Bd5
Ke7 32. Na4 Bxa4 33. g3 Rg8 34. Bxg8 Kf8 35. Be6 Ke7 36. exf6+
Kxf6 1-0

[Event "Bled Olympiad"]
[Site "Bled SLO"]
[Date "2002.10.28"]
[EventDate "2002.10.26"]
[Round "3"]
[Result "1/2-1/2"]
[White "Luis Galego"]
[Black "Carlos Matamoros Franco"]
[WhiteElo "2506"]
[BlackElo "2459"]
[PlyCount "41"]

1. e4 e6 2. d4 d5 3. exd5 exd5 4. Nf3 Nf6 5. h3 c5 6. Bb5+
Nbd7 7. O-O Be7 8. Nc3 O-O 9. Bg5 h6 10. Bh4 Re8 11. Re1 g5
12. Bxg5 Rf8 13. Rf1 Re8 14. Bh4 cxd4 15. Re1 dxc3 16. Kf1 a5
17. bxc3 Kf8 18. Ke2 a4 19. g3 a3 20. c4 h5 21. c5 1/2-1/2

[Event "Bled Olympiad"]
[Site "Bled SLO"]
[Date "2002.10.28"]
[EventDate "2002.10.26"]
[Round "3"]
[Result "1-0"]
[White "Hannes Stefansson"]
[Black "Zenon Franco Ocampos"]
[WhiteElo "2566"]
[BlackElo "2504"]
[PlyCount "77"]

1. e4 d6 2. d4 Nf6 3. Nc3 g6 4. Be3 c6 5. Qd2 b5 6. Bd3 a6
7. h3 Nbd7 8. Nf3 e5 9. dxe5 dxe5 10. O-O Bg7 11. a4 Bb7
12. Ne2 O-O 13. Ng3 Qe7 14. c4 b4 15. c5 a5 16. Rac1 Rfd8
17. Qe2 Ne8 18. Bc4 h6 19. Rfd1 Nf8 20. Rxd8 Rxd8 21. Nf1 Ne6
22. N1d2 Bc8 23. Nb3 Qc7 24. Nfd2 Nf4 25. Bxf4 exf4 26. Nf3
Bf8 27. e5 Ng7 28. Qe4 Ne6 29. Nfd4 Bg7 30. Re1 Kh7 31. Qxc6
Bxe5 32. Qxc7 Bxc7 33. Nb5 Kg7 34. Bxe6 Bxe6 35. Rxe6 fxe6
36. Nxc7 Kf6 37. Nb5 Rd1+ 38. Kh2 Ke7 39. c6 1-0

[Event "Bled Olympiad"]
[Site "Bled SLO"]
[Date "2002.10.28"]
[EventDate "2002.10.26"]
[Round "3"]
[Result "1/2-1/2"]
[White "Jorge Sosa Harrison"]
[Black "Stefan Kristjansson"]
[WhiteElo "2311"]
[BlackElo "2431"]
[PlyCount "50"]

1. Nf3 Nf6 2. b3 d5 3. Bb2 e6 4. g3 Be7 5. Bg2 O-O 6. O-O c5
7. d4 cxd4 8. Nxd4 a6 9. Qc1 Bd7 10. c4 dxc4 11. Qxc4 Qb6
12. Nc3 Rc8 13. Qd3 Rd8 14. Rad1 Nc6 15. Na4 Qa5 16. Qb1 Rac8
17. Nxc6 Bxc6 18. Bxc6 Rxc6 19. Rxd8+ Qxd8 20. Rd1 Qc7 21. Rc1
Nd5 22. Rxc6 Qxc6 23. Qd3 f6 24. Nc3 Nxc3 25. Bxc3 Qc7 1/2-1/2

[Event "Bled Olympiad"]
[Site "Bled SLO"]
[Date "2002.10.28"]
[EventDate "2002.10.26"]
[Round "3"]
[Result "1-0"]
[White "Serge Brittner"]
[Black "Alejandro Ramirez Alvarez"]
[WhiteElo "2182"]
[BlackElo "2421"]
[PlyCount "75"]

1. d4 Nf6 2. c4 c5 3. d5 b5 4. cxb5 a6 5. bxa6 Bxa6 6. Nc3 g6
7. g3 d6 8. Bg2 Bg7 9. Nf3 Nbd7 10. Rb1 Nb6 11. b3 Bb7 12. Nh4
O-O 13. O-O Ra7 14. e4 Ba6 15. Re1 Nfd7 16. Bb2 Ne5 17. Bf1
Bxf1 18. Rxf1 Qd7 19. Nf3 Nxf3+ 20. Qxf3 f5 21. a4 Raa8
22. Ne2 Bxb2 23. Rxb2 Qb7 24. Nf4 Nxa4 25. Re2 Nb6 26. e5 Nd7
27. exd6 e5 28. Ne6 Rf6 29. Qc3 Qb6 30. Ra1 Rc8 31. Rea2 Qxd6
32. Ra8 Nb8 33. Qc4 Rf7 34. R1a6 Qd7 35. Rb6 Qe8 36. d6 Kh8
37. Nc7 Nd7 38. Nxe8 1-0

[Event "Bled Olympiad"]
[Site "Bled SLO"]
[Date "2002.10.28"]
[EventDate "2002.10.26"]
[Round "3"]
[Result "1-0"]
[White "Heikki Kallio"]
[Black "Saad Belouadah"]
[WhiteElo "2471"]
[BlackElo "2345"]
[PlyCount "85"]

1. e4 d5 2. exd5 Nf6 3. Bb5+ Bd7 4. Be2 Nxd5 5. d4 Bf5 6. Nf3
e6 7. O-O Be7 8. c4 Nf6 9. Nc3 O-O 10. Be3 Nbd7 11. Nh4 Bg6
12. Nxg6 hxg6 13. Bf3 c6 14. Qc2 Qc7 15. Rad1 Rad8 16. g3 a5
17. Kg2 e5 18. d5 Bc5 19. Bg5 Bd4 20. dxc6 bxc6 21. Ne4 Rb8
22. b3 a4 23. Rb1 axb3 24. axb3 Nxe4 25. Qxe4 c5 26. h4 Rb6
27. Qe2 Rfb8 28. Bd5 Nf6 29. Bxf6 gxf6 30. h5 g5 31. h6 f5
32. Qh5 Qe7 33. Rh1 Rf8 34. b4 Kh7 35. bxc5 Bxc5 36. Rxb6 Bxb6
37. Rb1 Qf6 38. g4 fxg4 39. Be4+ Kh8 40. Rxb6 Qxb6 41. Qxg5
Rg8 42. Qxe5+ f6 43. Qf5 1-0

[Event "Bled Olympiad"]
[Site "Bled SLO"]
[Date "2002.10.28"]
[EventDate "2002.10.26"]
[Round "3"]
[Result "1/2-1/2"]
[White "Sampsa Nyysti"]
[Black "Kamel Sebih"]
[WhiteElo "2410"]
[BlackElo "2323"]
[PlyCount "32"]

1. e4 e5 2. Nf3 Nc6 3. Bb5 a6 4. Ba4 Nf6 5. O-O Be7 6. Re1 b5
7. Bb3 O-O 8. a4 Bb7 9. d3 d6 10. Nc3 Na5 11. axb5 Nxb3
12. cxb3 axb5 13. Rxa8 Bxa8 14. Nxb5 Qd7 15. Nc3 c5 16. b4
cxb4 1/2-1/2